Normal view
MARC view
- Nualart, C. B.
Entry Nombre Personal
001 - NUMERO DE CONTROL
- campo de control: 51925
003 - IDENTIFICADOR DE NUMERO DE CONTROL
- campo de control: MX-MxUPN
005 - FECHA Y HORA DE LA ÜLTIMA TRANSACCIÓN
- campo de control: 20240513162907.0
008 - DATOS DE LONGITUD FIJA
- campo de control de longitud fija: 240513|| acb||aabn | aaa d
040 ## - FUENTE DE CATALOGACIÓN
- Agencia original de catalogación: MX-MxUPN
- Lenguaje de catalogación: spa
- Agencia de transcripción: MX-MxUPN
100 1# - ENCABEZAMIENTO - NOMBRE PERSONAL
- Nombre personal: Nualart, C. B.
374 ## - OCUPACIÓN
- Occupation: Ilustrador
670 ## - FUENTE EN LA QUE SE LOCALIZARON DATOS
- Cita de la fuente: LC, 13 mayo 2024:
- Información localizada: (Nualart, C. B.)
- Uniform Resource Identifier: https://lccn.loc.gov/no2007132404
670 ## - FUENTE EN LA QUE SE LOCALIZARON DATOS
- Cita de la fuente: Geometría : estudios de las formas, 1914:
- Información localizada: portada (Ilustraciones de C.B. Naualart)
902 ## - CATALOGADOR
- Catalogador: MaríaRobles/130524
